Nouveau dictionnaire portatif russe-français et français-russe / (Record no. 164945)

MARC details
000 -LEADER
campo de control de longitud fija 00896nam a22002415i 4500
001 - NÚMERO DE CONTROL
campo de control 164945
003 - IDENTIFICADOR DE NÚMERO DE CONTROL
campo de control ES-MaACL
005 - FECHA Y HORA DE LA ÚLTIMA TRANSACCIÓN
campo de control 20230906213034.0
008 - DATOS DE LONGITUD FIJA--INFORMACIÓN GENERAL
campo de control de longitud fija 030303s1874 gw |||| | fre d
040 ## - FUENTE DE CATALOGACIÓN
Centro catalogador/agencia de origen CCPB | B
Lengua de catalogación spa
Centro/agencia transcriptor CCPB | B
100 1# - ENTRADA PRINCIPAL--NOMBRE DE PERSONA
Nombre de persona Schmidt, J.A.E.
9 (RLIN) 132555
245 10 - MENCIÓN DEL TÍTULO
Título Nouveau dictionnaire portatif russe-français et français-russe /
Mención de responsabilidad, etc. par J.A.E. Schmidt.
250 ## - MENCION DE EDICION
Mención de edición Éd. stéréotype
Resto de la mención de edición nouvelle impression.
260 ## - PUBLICACIÓN, DISTRIBUCIÓN, ETC.
Lugar de publicación, distribución, etc. Leipzic :
Nombre del editor, distribuidor, etc. chez Otto Holtze,
Fecha de publicación, distribución, etc. 1874 (
Fabricante imprimerie de Metzger & Wittig)
300 ## - DESCRIPCIÓN FÍSICA
Extensión 736 p. ;
Dimensiones 15 cm.
594 #1 - Nota al título y mención de responsabilidad
Nota al título y mención de responsabilidad Port. paralela en ruso.
650 #4 - PUNTO DE ACCESO ADICIONAL DE MATERIA--TÉRMINO DE MATERIA
Término de materia o nombre geográfico como elemento de entrada Lengua rusa-
Subdivisión general Diccionarios-
-- Francés.
9 (RLIN) 136371
650 #4 - PUNTO DE ACCESO ADICIONAL DE MATERIA--TÉRMINO DE MATERIA
Término de materia o nombre geográfico como elemento de entrada Lengua francesa-
Subdivisión de forma Diccionarios-
Subdivisión general Lengua rusa.
9 (RLIN) 224100
752 ## - ENTRADA AGREGADA--NOMBRE JERÁRQUICO DEL LUGAR
País o entidad superior Alemania -
Ciudad Leipzig
852 ## - LOCALIZACIÓN
Ubicación ES-MaACL
Número de control de estantería G-13766
Nota libre -- Enc. pasta española, conservando la cub. original
Holdings
Estatus retirado Estado de pérdida Estado de daño No para préstamo Colección Biblioteca de origen Biblioteca actual Ubicación en estantería Fecha de adquisición Fuente de adquisición Total de préstamos Signatura topográfica completa Código de barras Visto por última vez Precio de reemplazo Tipo de ítem Koha
        Libros del s. XIX Biblioteca del Ateneo de Madrid Biblioteca del Ateneo de Madrid Sala Pecera Planta 3 17/01/2008     G-13766 1172911 23/02/2023 23/02/2023 Libro impreso antiguo